Statistiken für Wörter im Namen der Länder #4

Klicken Sie hier um das Quiz zu spielen!

Allgemein

  • Dieses Quiz wurde 180 mal gespielt
    (179 seit der letzten Aktualisierung)
  • Das Durchschnittsergebnis liegt bei 8 aus 12

Antwortstatistiken

WortLand% Korrekt
PolPolen
99%
SpanSpanien
99%
riechenGriechenland
91%
ElfElfenbeinküste
90%
ausAustralien
82%
KittSt. Kitts und Nevis
77%
NameSuriname
63%
OrtPortugal
53%
GenArgentinien / Norwegen
43%
TalItalien
29%
ErdeKap Verde
27%
RatVereinigte Arabische
Emirate
11%

Verteilung der Resultate

Perzentil nach korrekt beantworteten Fragen

Anzahl Personen mit jedem Resultat

Ihre Resultats-Entwicklung

Sie haben dieses Quiz seit der letzten Aktualisierung nicht gespielt